Difúzne boridovanie vzoriek a nástrojov z ocele ledeburitického typu : Diplomová práca

Gespeichert in:
Bibliographische Detailangaben
1. Verfasser: Ciran, Pavol (Verfasst von)
Weitere Verfasser: Hudáková, Mária, 1962- (xxx)
Format: Manuskript Buch
Sprache:Slowakisch
Veröffentlicht: Trnava : STU v Bratislave MtF KMI, 2006
Schlagworte:
Tags: Tag hinzufügen
Keine Tags, Fügen Sie das erste Tag hinzu!

MARC

LEADER 00000ntm a22000003a 4500
001 stu132513
005 20160719155544.9
008 061218s2006----xo------------------slo-d
040 |a STU  |b slo 
041 0 |a slo 
044 |a xo 
100 1 |a Ciran, Pavol  |4 aut 
245 1 |a Difúzne boridovanie vzoriek a nástrojov z ocele ledeburitického typu :  |b Diplomová práca 
260 |a Trnava :  |b STU v Bratislave MtF KMI,  |c 2006 
300 |a 77 s  |c 1 CD-ROM 
650 7 |a materiálové inžinierstvo  |2 stusub 
650 7 |a technické materiály  |2 stusub 
650 7 |a nástrojové ocele  |2 stusub 
650 7 |a boridovanie  |2 stusub 
650 7 |a mikroskopická analýza  |2 stusub 
700 1 |a Hudáková, Mária,  |d 1962-  |4 xxx  |u M1000  |U MTF Materiálovotechnologická fakulta  |T MTF Ústav materiálov  |X 2754  |U M1000  |Y 81  |7 A000002754 
996 |b 284M075425  |c M*DP-6501  |l MMSKP  |s P  |a 0  |w stu132513_0001